| 000 | 00384nam a22001337a 4500 | ||
|---|---|---|---|
| 999 |
_c115317 _d115317 |
||
| 005 | 20220113153324.0 | ||
| 008 | 200101b ||||| |||| 00| 0 eng d | ||
| 040 | _cPK-LaUMT | ||
| 082 |
_a346.00264 _bUNC- |
||
| 245 |
_aUnclassified cases [UC, Vol. XVII, 1996] _cedited by M. Farani. . .[et al.] |
||
| 260 |
_aLahore: _bNational Law Reporter, _c1996 |
||
| 300 | _a800 p. | ||
| 942 | _cLPJ | ||